000 00706nam a2200289Ia 4500
005 20260324125146.0
008 008 260324s9999 xx 000 0 eng d
020 _a9781315686448
037 _aEBOOK
040 _aCRL
040 _beng
040 _cCRL
041 _2eng
041 _aeng
084 _qCRL
100 _aNilmini Wickramasinghe; Eliezer Geisler
_91176917
245 0 _aPrinciples of Knowledge Management
245 0 _bTheory, Practice, and Cases
260 _bTaylor and Francis
260 _c2009
365 _a
365 _b275
856 _uhttp://www.taylorfrancis.com/books/9781315686448
942 _cEBOOK
999 _c1771919
_d1771919